True Or False Quiz Stats

Quiz not verified by Sporcle

Challenge
Share
Tweet
http://xsuperwarz.wikia.com/wiki/Special:NewFiles?image=Spiderlord_mk_iii-JPG
Score 0/25 Timer 03:00
0 Plays Today
True/False True/False % Correct
????
100%
????
97.8%
????
92.2%
????
91.1%
????
90%
????
88.9%
????
88.9%
????
88.9%
????
87.8%
????
86.7%
????
86.7%
????
81.2%
????
78.3%
True/False True/False % Correct
????
78.3%
????
75.4%
????
73.5%
????
73.5%
????
70.6%
????
64.7%
????
63.2%
????
63.2%
????
60.3%
????
57.4%
????
57.4%
????
55.9%

You're not logged in!

Compare scores with friends on all Sporcle quizzes.
Sign Up with Email
OR
Log In

You Might Also Like...

Show Comments

Extras

Top Quizzes Today


Score Distribution

Your Account Isn't Verified!

In order to create a playlist on Sporcle, you need to verify the email address you used during registration. Go to your Sporcle Settings to finish the process.

Report this User

Report this user for behavior that violates our Community Guidelines.

Details: